Polish Football Cup Winners - Statistics

General Stats
  • This quiz has been taken 66 times
  • The average score is 17 of 26
Answer Stats
Answer % Correct
CWKS Warsaw
98%
Legia Warsaw
98%
Lech Poznań
90%
Wisła Kraków
90%
Cracovia
85%
Górnik Zabrze
83%
Lechia Gdańsk
76%
Arka Gdynia
75%
Raków Częstochowa
75%
Śląsk Wrocław
75%
Widzew Łódź
73%
ŁKS Łódź
71%
Kolejarz Warsaw
69%
Polonia Warsaw
69%
Ruch Chorzów
69%
Unia Chorzów
69%
Jagiellonia Białystok
66%
GKS Katowice
64%
Zawisza Bydgoszcz
58%
Amica Wronki
49%
Stal Rzeszów
49%
Wisła Płock
44%
Zagłębie Sosnowiec
42%
Miedź Legnica
34%
Dyskobolia Grodzisk Wielkopolski
31%
Gwardia Warsaw
22%
No matching quizzes found
Score Distribution
Percent of People with Each Score
Percentile by Number Answered
Your Score History
You have not taken this quiz